000 00373nam a22001457a 4500
005 20250702173215.0
008 250702b |||||||| |||| 00| 0 eng d
020 _a9781844740475
050 _aBS2397
_b.M37 MAR
100 _aMARSHALL HOWARD I.
245 _aNEW TESTAMENT THEOLOGY
260 _aILLINOIS
_bINTER-VARSITY PRESS
_cc2004
300 _a765p
942 _2lcc
_cBK
_n0
999 _c6819
_d6819